| 000 | 00792nam a2200229Ia 4500 | ||
|---|---|---|---|
| 003 | OSt | ||
| 005 | 20220923221002.0 | ||
| 006 | a|||||r|||| 00| 0 | ||
| 007 | ta | ||
| 008 | 220922b |||||||| |||| 00| 0 hin d | ||
| 024 | _a193,339 | ||
| 037 | _cTextual | ||
| 040 |
_aARTS _cARTS _bhin |
||
| 041 |
_2hin _ahin |
||
| 082 | _aV2:25wM891, 152H6 | ||
| 100 |
_aदेसाई, महादेव _9156318 |
||
| 245 | 0 |
_aमोलाना अब्दुल्ल कलाम अजाद _b जीवन चरित्रात्मक संस्मरण |
|
| 246 | _aMolānā abdulla kalām ajāda: jīvan charitrātmak sansmaraṇa | ||
| 260 | _c1946 | ||
| 942 |
_hV2:25wM891, 152H6 _cTEXL _2CC |
||
| 999 |
_c345807 _d345807 |
||